| 000 | 00761nam a22002417a 4500 | ||
|---|---|---|---|
| 999 |
_c13210 _d13210 |
||
| 003 | AR-CdUCM | ||
| 008 | 190411b ||||| |||| 00| 0 spa d | ||
| 040 |
_aMUNICIPALIDAD PROVINCIAL DEL CUSCO _cBIBLIOTECA MUNICIPAL DEL CUSCO |
||
| 082 |
_aES / 373.808 / _bM12 |
||
| 100 |
_aMacedo Pérez, Vilma _930477 |
||
| 245 | _aCuentos del mundo magico / | ||
| 260 |
_aCusco : _bTalleres graficos imprenta Amauta, _c2005. |
||
| 300 |
_a67 paginas ; _c21 cm. |
||
| 440 |
_aObras publicadas _n6 _931476 |
||
| 500 | _aCuentos para niños y jovenes | ||
| 650 |
_aCuentos _9217 |
||
| 650 |
_aHistorias _92725 |
||
| 650 |
_aFantasias _931477 |
||
| 650 |
_aLiteratura _983 |
||
| 700 |
_aPalomino Rivas, Rubén _931478 |
||
| 942 |
_2ddc _cLIBROS |
||
| 945 |
_apjha _d2019-04-11 |
||